Využitie projektového manažmentu v malom a strednom podniku diplomová práca

Gespeichert in:
Bibliographische Detailangaben
1. Verfasser: Snohová, Andrea
Körperschaft: Fakulta podnikového manažmentu EU. Katedra manažmentu
Weitere Verfasser: Tarišková, Natália, 1973-
Format: Buch
Sprache:Slowakisch
Veröffentlicht: Bratislava 2019
Tags: Tag hinzufügen
Keine Tags, Fügen Sie das erste Tag hinzu!

MARC

LEADER 00000nbm a2200000 4500
001 0255572
005 20191119132450.3
041 0 |a slo 
044 |a SK 
245 1 0 |a Využitie projektového manažmentu v malom a strednom podniku  |b diplomová práca  |c Andrea Snohová ; školiteľ: Natália Tarišková 
264 1 |a Bratislava  |c 2019 
300 |a 72 s. 
100 1 |a Snohová, Andrea 
700 1 |a Tarišková, Natália, 1973- 
710 2 |a Fakulta podnikového manažmentu EU. Katedra manažmentu